000 01065nam a2200253Ia 4500
001 18160
003 GE_BSU
008 181216s||||||||xx |||||||||||||| ||und||
020 _a978-99940-945-2-3
040 _cGE_BSU
080 _a811.353.1'282
100 _aფეიქრიშვილი, ჟუჟუნა
245 _aმესხურ და იმერულ დიალექტთა შერევა ახალშენის მეტყველებაში
245 _cრედ. ლეილა კვანტალიანი
260 _aთბილისი
260 _bგამ-ბა " ჯანსუღ ღვინჯილია
260 _c2007
300 _a168 გვ. ; 20 სმ.
541 _h6ლ.
653 _aმესხურ და იმერულ დიალექტთა შერევა ახალშენის მეტყველებაში
653 _aქართული დიალექტები
653 _aქართული ენა
942 _cBK
999 _c51201
_d51201